| 000 | 40678nas1a22031931 4500 | ||
|---|---|---|---|
| 001 | RU\NLR\INFOCOMM31\1000046422 | ||
| 005 | 20250807190007.0 | ||
| 011 | _a0371-9685 | ||
| 035 | _a(NLR Aleph) 002516895 | ||
| 090 |
_a905 _c905 |
||
| 100 | _a20250807 rusy50 | ||
| 101 | 0 | _arus | |
| 102 | _aRU | ||
| 110 | _azyu||||0|y0 | ||
| 200 | 1 |
_aТруды Математического института имени В.А. Стеклова _fАкад. наук СССР |
|
| 210 |
_aМ. _aЛ. _cИзд-во Акад. наук СССР _d1931- |
||
| 311 | _aВ 1936 г. выделились "Труды Физического института" (ш. П7/366) | ||
| 321 | _aТруды Математического института за 40 лет / Календро В. Л. | ||
| 321 | _aТруда МИАН за 10 лет (1972-1981 гг.) / Госина Л. И. | ||
| 430 | 1 | _12001#$aТруды Физико-математического института имени В.А. Стеклова | |
| 441 | 0 |
_12001#$aТруды Физического института _171002$3RU\NLR\AUTH\88$aФизический институт им. П.Н. Лебедева$cМосква |
|
| 517 | 1 | _aТруды ордена Ленина Математического института имени В.А. Стеклова | |
| 517 | 1 | _aТруды ордена Ленина и ордена Октябрьской революции Математического института имени В.А. Стеклова | |
| 517 | 1 | _aТруды Математического института имени В.А. Стеклова РАН | |
| 710 | 0 | 2 |
_aМатематический институт им. В.А. Стеклова _cМосква _3RU\NLR\AUTH\887636 |
| 801 | 2 |
_aRU _bNLR _c20070313 _2rusmarc |
|
| 801 | 1 |
_aRU _bInfoComm _c20040416 |
|
| 801 | 0 |
_aRU _bNLR _gPSBO |
|
| 852 |
_aNLR _jП7/248 |
||
| 942 | _cSE | ||
| 945 | _aРоссийская национальная библиотека | ||
| 980 | _aNB | ||
| 980 | _aBV | ||
| 980 | _aRUSPER | ||